Economic update: Nigerian journal of contemporary public policy issues (Record no. 38167)

MARC details
000 -LEADER
fixed length control field 00625nam a2200169Ia 4500
022 ## - INTERNATIONAL STANDARD SERIAL NUMBER
ISSN 07950330
050 ## - CALL MARK
Classification number HC 1055 .A1 E257/
245 #0 - TITLE STATEMENT
Title Economic update: Nigerian journal of contemporary public policy issues
260 ## - PUBLICATION, DISTRIBUTION, ETC. (IMPRINT)
Place of publication Zaria
260 ## - PUBLICATION, DISTRIBUTION, ETC. (IMPRINT)
Name of publisher Dept. of Economics, Ahmadu Bello University
260 ## - PUBLICATION, DISTRIBUTION, ETC. (IMPRINT)
Year of publication 2008
300 ## - PHYSICAL DESCRIPTION
Number of Pages iii, 288 p. ; 24 cm.
650 ## - SUBJECT ADDED ENTRY--TOPICAL TERM
Topical Term Government spending policy--Nigeria--Periodicals. Wirtschaftswissenschaft. Nigeria--Economic policy--Periodicals. Developing countries--Economic policy--Periodicals.
942 ## - ADDED ENTRY ELEMENTS (KOHA)
Koha item type Serials

No items available.